[Event "Online Olym Disabilities"]
[Site "Tornelo INT"]
[Date "2020.11.24"]
[Round "4.23"]
[White "Telles, Rigoberto"]
[Black "Shahpalangov, Aydin"]
[Result "0-1"]
[WhiteElo "1307"]
[BlackElo "1945"]
[PlyCount "104"]
[EventDate "2020.11.21"]
[EventType "team-swiss (rapid)"]
[EventRounds "7"]
[EventCountry "NET"]
[SourceTitle "CBM 199 Extra"]
[Source "ChessBase"]
[SourceDate "2021.01.31"]
[SourceVersion "1"]
[SourceVersionDate "2021.01.31"]
[SourceQuality "1"]
[WhiteTeam "Costa Rica"]
[BlackTeam "Azerbaijan"]
[WhiteTeamCountry "CRI"]
[BlackTeamCountry "AZE"]

1. e4 c5 2. Nf3 a6 3. Bc4 e6 4. c3 d5 5. exd5 exd5 6. Bb3 Be6 7. 0-0 Bd6 8. d4 Ne7 9. Bg5 Nbc6 10. Nbd2 0-0 11. Re1 Qb6 12. Rb1 cxd4 13. cxd4 Nxd4 14. Be3 Nxf3+ 15. Nxf3 Bc5 16. Bxc5 Qxc5 17. Rc1 Qb6 18. Nd4 Nf5 19. Nxf5 Bxf5 20. Qxd5 Bg6 21. Re7 Rad8 22. Rd7 Rxd7 23. Qxd7 Qb4 24. g3 h6 25. Kg2 Qe4+ 26. Kg1 Bf5 27. Qd5 Qg4 28. Qd6 Be4 29. Qf4 Qg6 30. Rc7 Bc6 31. Bxf7+ Rxf7 32. Qxf7+ Qxf7 33. Rxf7 Kxf7 34. Kf1 Kf6 35. Ke2 Kf5 36. Kd3 Kg4 37. Kc4 Kf3 38. b4 Kxf2 39. b5 axb5+ 40. Kc5 Kg2 41. Kd6 Kxh2 42. Ke5 Kxg3 43. Kf5 g5 44. Kf6 Kf4 45. Kg6 g4 46. Kh5 g3 47. Kxh6 g2 48. Kg7 g1Q+ 49. Kf6 Qg5+ 50. Ke6 Qe5+ 51. Kf7 Bd5+ 52. Kg6 Qg5+ 0-1

[Event "Online Olym Disabilities"]
[Site "Tornelo INT"]
[Date "2020.11.21"]
[Round "1.8"]
[White "Shahpalangov, Aydin"]
[Black "Shashikant, Kutwal"]
[Result "0-1"]
[WhiteElo "1945"]
[BlackElo "2182"]
[PlyCount "86"]
[EventDate "2020.11.21"]
[EventType "team-swiss (rapid)"]
[EventRounds "7"]
[EventCountry "NET"]
[SourceTitle "CBM 199 Extra"]
[Source "ChessBase"]
[SourceDate "2021.01.31"]
[SourceVersion "1"]
[SourceVersionDate "2021.01.31"]
[SourceQuality "1"]
[WhiteTeam "Azerbaijan"]
[BlackTeam "India"]
[WhiteTeamCountry "AZE"]
[BlackTeamCountry "IND"]

1. e4 c5 2. Nf3 d6 3. d4 cxd4 4. Qxd4 Nf6 5. Bg5 Nc6 6. Bb5 Qa5+ 7. Nc3 Qxb5 8. Nxb5 Nxd4 9. Nfxd4 Kd8 10. f3 a6 11. Nc3 e6 12. 0-0-0 Kc7 13. a4 Bd7 14. Rhe1 Be7 15. f4 h6 16. Bh4 g5 17. fxg5 Ng4 18. Nf3 hxg5 19. Bg3 f6 20. Rd4 Ne5 21. Red1 Rad8 22. Nxe5 dxe5 23. R4d3 Bc6 24. Kd2 b5 25. axb5 axb5 26. Ra1 Ra8 27. Rxa8 Rxa8 28. Ke3 Bc5+ 29. Kf3 b4 30. Ne2 g4+ 31. Kxg4 Bxe4 32. Rd1 Bxg2 33. Nd4 Rg8+ 34. Kh4 Bd5 35. Nb3 Be7 36. Kh5 Bf3+ 37. Kh6 Bxd1 38. Nd4 Rxg3 39. Nxe6+ Kd6 40. hxg3 Kxe6 41. c3 Kf7 42. cxb4 Bf8+ 43. Kh7 Bc2+ 0-1

[Event "EU-ch U16"]
[Site "Bratislava"]
[Date "2019.08.09"]
[Round "8"]
[White "Hanzl, Tadeas"]
[Black "Shahpalangov, Aydin"]
[Result "0-1"]
[WhiteElo "1691"]
[BlackElo "1799"]
[PlyCount "68"]
[EventDate "2019.08.02"]
[EventType "swiss"]
[EventRounds "9"]
[EventCountry "SVK"]
[SourceTitle "CBM 191 Extra"]
[Source "ChessBase"]
[SourceDate "2019.09.30"]
[SourceVersion "1"]
[SourceVersionDate "2019.09.30"]
[SourceQuality "1"]

1. e4 c5 2. c3 e6 3. d4 d5 4. e5 Nc6 5. Nf3 Bd7 6. Be2 Nge7 7. Na3 Nf5 8. Nc2 Qb6 9. 0-0 cxd4 10. cxd4 Be7 11. Qd3 0-0 12. Bd2 f6 13. exf6 Bxf6 14. Bc3 Be8 15. Rfe1 Bg6 16. Qd2 Nd6 17. Bd3 Ne4 18. Bxe4 Bxe4 19. Re3 Be7 20. Rae1 Rad8 21. Qe2 e5 22. Rd1 Bxc2 23. Qxc2 e4 24. Nd2 Qc7 25. Nf1 Kh8 26. Re2 Bd6 27. h3 Rf6 28. Ne3 Bf4 29. Qd2 Qd7 30. Qc2 Rg6 31. Kf1 Rf8 32. Ke1 b5 33. a3 a5 34. Qd2 Bxe3 0-1

[Event "EU-ch U16"]
[Site "Bratislava"]
[Date "2019.08.07"]
[Round "6"]
[White "Minko, Dmitry"]
[Black "Shahpalangov, Aydin"]
[Result "1-0"]
[WhiteElo "2073"]
[BlackElo "1799"]
[PlyCount "79"]
[EventDate "2019.08.02"]
[EventType "swiss"]
[EventRounds "9"]
[EventCountry "SVK"]
[SourceTitle "CBM 191 Extra"]
[Source "ChessBase"]
[SourceDate "2019.09.30"]
[SourceVersion "1"]
[SourceVersionDate "2019.09.30"]
[SourceQuality "1"]

1. e4 c5 2. Nf3 g6 3. d4 cxd4 4. Nxd4 Bg7 5. c4 d6 6. Nc3 Nf6 7. Be2 a6 8. Be3 0-0 9. 0-0 b6 10. f3 Bb7 11. Qd2 Re8 12. a3 Nbd7 13. b4 Rc8 14. Rac1 e6 15. Bf2 d5 16. exd5 exd5 17. Nxd5 Nxd5 18. cxd5 Nf6 19. b5 Qxd5 20. bxa6 Ba8 21. Rxc8 Rxc8 22. Rc1 Re8 23. Bc4 Qh5 24. Re1 Qc5 25. Rxe8+ Nxe8 26. Bf1 Qxa3 27. Nb5 Qe7 28. Bxb6 Be5 29. f4 Qf6 30. Be3 Bc7 31. Nxc7 Nxc7 32. Bd4 Qd8 33. Qb2 Nd5 34. a7 Ne7 35. Bf6 Qf8 36. Bxe7 Qxe7 37. Qb8+ Qf8 38. Qxf8+ Kxf8 39. Be2 Ke7 40. Bf3 1-0

[Event "EU-ch U16"]
[Site "Bratislava"]
[Date "2019.08.04"]
[Round "3"]
[White "Shahpalangov, Aydin"]
[Black "Neiman, Maks"]
[Result "1/2-1/2"]
[WhiteElo "1799"]
[BlackElo "2028"]
[PlyCount "64"]
[EventDate "2019.08.02"]
[EventType "swiss"]
[EventRounds "9"]
[EventCountry "SVK"]
[SourceTitle "CBM 191 Extra"]
[Source "ChessBase"]
[SourceDate "2019.09.30"]
[SourceVersion "1"]
[SourceVersionDate "2019.09.30"]
[SourceQuality "1"]

1. e4 e6 2. d4 d5 3. e5 c5 4. c3 Nc6 5. Nf3 Qb6 6. a3 Nh6 7. b4 cxd4 8. cxd4 Nf5 9. Be3 Be7 10. Bd3 Nxe3 11. fxe3 0-0 12. 0-0 f6 13. exf6 Bxf6 14. Nc3 Bd7 15. Na4 Qd8 16. Nc5 b6 17. Nxd7 Qxd7 18. Qc2 Rac8 19. Bxh7+ Kh8 20. Qb1 Qe7 21. Bg6 Bg5 22. Qe1 e5 23. b5 e4 24. Nxg5 Rxf1+ 25. Kxf1 Qxg5 26. bxc6 Qxg6 27. Qh4+ Kg8 28. Rc1 Rxc6 29. Qd8+ Kh7 30. Qh4+ Kg8 31. Qd8+ Kh7 32. Qh4+ Kg8 1/2-1/2

[Event "EU-ch U16"]
[Site "Bratislava"]
[Date "2019.08.03"]
[Round "2"]
[White "Dabic, Stjepan"]
[Black "Shahpalangov, Aydin"]
[Result "1/2-1/2"]
[WhiteElo "2043"]
[BlackElo "1799"]
[PlyCount "85"]
[EventDate "2019.08.02"]
[EventType "swiss"]
[EventRounds "9"]
[EventCountry "SVK"]
[SourceTitle "CBM 191 Extra"]
[Source "ChessBase"]
[SourceDate "2019.09.30"]
[SourceVersion "1"]
[SourceVersionDate "2019.09.30"]
[SourceQuality "1"]

1. d4 d5 2. c4 e6 3. Nc3 Nf6 4. cxd5 exd5 5. Bg5 Be7 6. e3 0-0 7. Bd3 b6 8. Bxf6 Bxf6 9. Qh5 g6 10. Qxd5 c6 11. Qxd8 Rxd8 12. Nge2 Bb7 13. 0-0 Bg7 14. Rfd1 Nd7 15. Be4 f5 16. Bf3 Nf6 17. Rac1 Rd7 18. Nf4 g5 19. Nd3 g4 20. Be2 Ne8 21. Nf4 Nd6 22. Bd3 Bh6 23. Nce2 a5 24. h3 gxh3 25. Nxh3 Kf7 26. Nc3 b5 27. a4 Rg8 28. g3 Bxe3 29. fxe3 Rxg3+ 30. Kh2 Rxe3 31. axb5 cxb5 32. Nxb5 Kf6 33. Rc3 Ne4 34. Bxe4 Re2+ 35. Kg1 Rg7+ 36. Kf1 Rxe4 37. Rc7 Ba6 38. Rc6+ Re6 39. Rxe6+ Kxe6 40. Re1+ Kf6 41. Re5 Rb7 42. Nf4 Bxb5+ 43. Ke1 1/2-1/2

[Event "IBCA-ol blind 15th"]
[Site "Ohrid"]
[Date "2017.06.20"]
[Round "2.1"]
[White "Shahpalangov, Aydin"]
[Black "Tuka, Oleg"]
[Result "0-1"]
[WhiteElo "1720"]
[BlackElo "2407"]
[PlyCount "152"]
[EventDate "2017.06.19"]
[EventType "team-swiss"]
[EventRounds "9"]
[EventCountry "MKD"]
[SourceTitle "CBM 179 Extra"]
[Source "ChessBase"]
[SourceDate "2017.08.23"]
[SourceVersion "1"]
[SourceVersionDate "2017.08.23"]
[SourceQuality "1"]
[WhiteTeam "Azerbaijan"]
[BlackTeam "Ukraine"]
[WhiteTeamCountry "AZE"]
[BlackTeamCountry "UKR"]

1. e4 c5 2. Nf3 e6 3. Nc3 a6 4. d4 cxd4 5. Nxd4 Qc7 6. a3 b5 7. Be2 Bb7 8. 0-0 Nf6 9. Bf3 Nc6 10. Re1 Bd6 11. g3 Nxd4 12. Qxd4 Be5 13. Qd3 0-0 14. Bg2 Bxc3 15. bxc3 Rac8 16. Bd2 d5 17. e5 Ne4 18. Bf4 Qxc3 19. Bxe4 dxe4 20. Qd1 Qf3 21. Qxf3 exf3 22. Ra2 Bd5 23. Rb2 Bc4 24. Be3 Be2 25. Bd4 Rc4 26. c3 Ra4 27. Ra2 Rd8 28. h4 h5 29. Rc1 Rc8 30. Rb1 Kh7 31. Rb4 Rc4 32. Rxa4 Rxa4 33. Bc5 Re4 34. Bd6 Bc4 35. Ra1 Kg6 36. Rd1 Re2 37. Rc1 Rd2 38. Bc5 Be2 39. Bd6 Kf5 40. Bb4 Ra2 41. Bd6 Ke4 42. Bf8 g6 43. Bd6 Kd3 44. Bb4 Kd2 45. Rb1 Bc4 46. Kh2 Ke2 47. Bc5 a5 48. Rc1 Bd3 49. g4 hxg4 50. Kg3 Bf5 51. c4 bxc4 52. Rxc4 Ra1 53. Rc3 Rg1+ 54. Kf4 Bd3 55. Rb3 Bf5 56. Rb2+ Kf1 57. Rd2 Kg2 58. Be3 Rh1 59. Kg5 Re1 60. Rb2 Rxe3 61. fxe3+ f2 62. e4 Bxe4 63. Kxg4 Kg1 64. Rxf2 Kxf2 65. Kg5 Kg3 66. Kf6 Kxh4 67. Kxf7 Bf5 68. Ke7 g5 69. Kd6 g4 70. Kc5 a4 71. Kb4 Bc2 72. Kc3 Bb3 73. Kd2 Kh3 74. Ke2 g3 75. Kf1 Kh2 76. Ke2 g2 0-1